Manel discography - Statistics

General Stats
  • This quiz has been taken 87 times
    83 since last reset
  • The average score is 37 of 66
Answer Stats
Answer % Correct
Benvolgut
100%
Al mar!
97%
Jo competeixo
90%
Boomerang
87%
Roma
87%
Ceràmiques Guzmán
83%
Ai, Dolors
80%
Aniversari
80%
Teresa Rampell
80%
Criticarem les noves modes de pentinats
77%
Mort d'un heroi romàntic
77%
Per la bona gent
77%
Captatio benevolentiae
73%
Flor groga
73%
L'amant malalta
73%
Ai, Yoko
70%
El gran salt
70%
En la que el Bernat se't troba
70%
La cançó del soldadet
70%
La jungla
70%
Deixa-la, Toni, deixa-la
67%
La serotonina
67%
Tipus suite
67%
BBVA
63%
Corrandes de la parella estable
63%
Els guapos són els raros
63%
Formigues
63%
Nit freda per ser abril
63%
Pla quinquennal
63%
Boy Band
60%
El Miquel i l'Olga tornen
60%
La gent normal
60%
La bola de cristall
57%
Desapareixíem lentament
53%
Dona estrangera
53%
L'Adela i el marge
53%
Les cosines
53%
Sabotatge
53%
Un camell d'orient
53%
L'espectre de Maria Antonieta
50%
Banda de rock
47%
Imagina't un nen
47%
No t'enyoro
47%
Tubs de ventilació
47%
Un directiu em va acomiadar
47%
Vés bruixot!
47%
Aquí tens el meu braç
43%
Arriba l'alba a Sant Petersburg
43%
Cançó del dubte
43%
El vell músic
43%
Les estrelles
43%
Temptacions de Collserola
43%
Amb un ram de clamídies
40%
El bròquil (la tortura)
40%
Les restes
40%
Avís per a navegants
37%
El 25 de gener
37%
Ja era fort
37%
Quin dia feia, amics...
37%
Fes-me petons
30%
Els entusiasmats
27%
M'hi vaig llançar
27%
A veure què en fem
23%
Canvi de paradigma
23%
Avança, vianant
20%
Deixar-te un dia
20%
No matching quizzes found
Score Distribution
Percent of People with Each Score
Percentile by Number Answered
Your Score History
You have not taken this quiz since the last reset